| 000 | 00511nam a22001937a 4500 | ||
|---|---|---|---|
| 003 | OSt | ||
| 005 | 20140310183131.0 | ||
| 008 | 130603t xxu||||| |||| 00| 0 eng d | ||
| 050 |
_aPN 6377 _b.B931 1993 |
||
| 082 |
_aFIL 398.6 _bB36 1993 |
||
| 245 | _aMga Katutubong Bugtong Pilipino (Para Sa Mag-aaral) | ||
| 260 |
_aTondo, Manila _bArenar Books Marketing _cc1993 |
||
| 300 | _a29 p. | ||
| 521 | _acollege students | ||
| 526 | _c1210L-1700L | ||
| 541 | _j1 | ||
| 562 | _e1 | ||
| 942 |
_2lcc _cBK _kFIL |
||
| 999 |
_c19145 _d19145 |
||